00421pab a2200145 454500008004000000100002400040245008300064260000900147300001400156362000800170650002400178700002500202700002300227773002500250180718b2002 xxu||||| |||| 00| 0 eng d aSquires, Gregory D. aExperiencing residential segregation: a contemporary study of Washington, D.C. c2002 ap.155-83. aNov aRacial segregration aSaidat, Catherine E. aFriedman, Somantha aUrban Affairs Review